L'homme selon la science (Record no. 152821)

MARC details
000 -LEADER
campo de control de longitud fija 01004nam a22002415i 4500
001 - NÚMERO DE CONTROL
campo de control 152821
003 - IDENTIFICADOR DE NÚMERO DE CONTROL
campo de control ES-MaACL
005 - FECHA Y HORA DE LA ÚLTIMA TRANSACCIÓN
campo de control 20250727024451.0
008 - DATOS DE LONGITUD FIJA--INFORMACIÓN GENERAL
campo de control de longitud fija 000717m18701872fr |||| | fre d
040 ## - FUENTE DE CATALOGACIÓN
Centro catalogador/agencia de origen CCPB | B
Lengua de catalogación spa
Centro/agencia transcriptor CCPB | B
080 ## - NÚMERO DE LA CLASIFICACIÓN DECIMAL UNIVERSAL
Número de la Clasificación Decimal Universal 572.1/.4
100 1# - ENTRADA PRINCIPAL--NOMBRE DE PERSONA
Nombre de persona Büchner, Ludwig.
9 (RLIN) 187738
245 12 - MENCIÓN DEL TÍTULO
Título L'homme selon la science
Resto del título : son passé, son présent, son avenir ou D'où venons-nous?, qui sommes-nous?, où allons-nous? /
Mención de responsabilidad, etc. par le docteur Louis Büchner ; traduit de l'allemand par le docteur Ch. Letourneau.
260 ## - PUBLICACIÓN, DISTRIBUCIÓN, ETC.
Lugar de publicación, distribución, etc. Paris :
Nombre del editor, distribuidor, etc. C. Reinwald, libraire-éditeur,
Fecha de publicación, distribución, etc. 1870-1872.
300 ## - DESCRIPCIÓN FÍSICA
Extensión 3 t. en 1 vol. (438 p.) ;
Dimensiones 22 cm.
505 8# - NOTA DE CONTENIDO CON FORMATO
Nota de contenido con formato Contiene: T. I. D'où venons-nous? (151 p.) -- T. II. Qui sommes-nous? -- T. III. Où allons-nous?
650 #7 - PUNTO DE ACCESO ADICIONAL DE MATERIA--TÉRMINO DE MATERIA
Término de materia o nombre geográfico como elemento de entrada Antropología física
Fuente del encabezamiento o término embne
9 (RLIN) 9893
650 04 - PUNTO DE ACCESO ADICIONAL DE MATERIA--TÉRMINO DE MATERIA
Término de materia o nombre geográfico como elemento de entrada Hombre-
Subdivisión general Origen.
9 (RLIN) 13452
700 0# - ENTRADA AGREGADA--NOMBRE PERSONAL
Nombre de persona Letourneau, Charles.
9 (RLIN) 71888
852 ## - LOCALIZACIÓN
Ubicación ES-MaACL
Número de control de estantería D-4858
Nota libre -- Enc. hol.
Holdings
Estatus retirado Estado de pérdida Estado de daño No para préstamo Colección Biblioteca de origen Biblioteca actual Ubicación en estantería Fecha de adquisición Fuente de adquisición Total de préstamos Signatura topográfica completa Código de barras Visto por última vez Precio de reemplazo Tipo de ítem Koha
        Libros del s. XIX Biblioteca del Ateneo de Madrid Biblioteca del Ateneo de Madrid Sala Valle Inclán 17/01/2008     D-4858 901159608 23/02/2023 23/02/2023 Libro impreso antiguo